| 000 | 00688nam a2200193 a 4500 | ||
|---|---|---|---|
| 005 | 20140412111233.0 | ||
| 008 | 010529s19uu xx 00 eng d | ||
| 020 | _a1-56799-540-3 | ||
| 050 |
_aTR(GS 784.22 _bD49 1997 |
||
| 100 | _aDewhirst, Carin | ||
| 245 |
_aPeter and the wolf (with CD) / _cadapted by Carin Dewhirst and Joan Dewhirst; illustrations by Naomi Howland. |
||
| 260 |
_aNew York : _bFriedman/Fairfax, _c1997. |
||
| 300 | _a24p. ; ill. | ||
| 500 | _aBook with Audio CD | ||
| 650 | _aProkofiev, Sergey, 1891-1953. Petia i volk | ||
| 650 | _aMonologues with music-Stories, plots, etc.--Juvenile literature | ||
| 650 | _aOrchestra-Juvenile literature | ||
| 999 |
_c102293 _d102293 |
||